000 00503nam a22002177a 4500
003 UA-OsUOA
001 47050
007 ta
008 20070710b un ||||| |||| 00| 0 ukr d
090 _a74
_bС56
942 _cBK
040 _aUA-OsUOA
_brus
_cUA-OsUOA
_dUA-OsUOA
245 _aСоветская графика
300 _a261 с.
955 _a2
041 _arus
080 _a74
260 _aМ.
_c1976
650 7 _a7 Мистецтво. Ігри. Спорт.
_2UDC
999 _c333147
_d333147